Dopady eura na Slovensku
Porovnanie jednotlivých výhod, t.j. odstránenie transakčných nákladov, kurzové riziko, zníženie nákladov kapitálu, zvýšenie zahraničného obchodu a nevýhod , t.j. strata nezávislej menovej politiky, náklady spojené s procesom zavedenia eura, zníženie hodnoty úspor a iné nekvantifikovateľné riziká a o...
Enregistré dans:
| Auteur principal: | |
|---|---|
| Format: | Chapitre de livre |
| Langue: | slovaque |
| Sujets: | |
| Tags: |
Pas de tags, Soyez le premier à ajouter un tag!
|
MARC
| LEADER | 00000naa$a2200000$$$4500 | ||
|---|---|---|---|
| 001 | 0049224 | ||
| 005 | 20231106075055.9 | ||
| 041 | 0 | |a slo | |
| 044 | |a SK | ||
| 245 | 1 | 0 | |a Dopady eura na Slovensku |c Katarína Izáková |
| 520 | |a Porovnanie jednotlivých výhod, t.j. odstránenie transakčných nákladov, kurzové riziko, zníženie nákladov kapitálu, zvýšenie zahraničného obchodu a nevýhod , t.j. strata nezávislej menovej politiky, náklady spojené s procesom zavedenia eura, zníženie hodnoty úspor a iné nekvantifikovateľné riziká a obavy zavedenia eura pre slovenské hospodárstvo. Číselné vyjadrenie niektorých nákladov a prínosov zavedenia eura. | ||
| 610 | 2 | 0 | |a úspory finančné |
| 610 | 2 | 0 | |a politika menová |
| 610 | 2 | 0 | |a obchod zahraničný |
| 610 | 2 | 0 | |a investície priame zahraničné |
| 610 | 2 | 0 | |a riziko kurzové |
| 610 | 2 | 0 | |a náklady transakčné |
| 610 | 2 | 0 | |a Slovensko |
| 610 | 2 | 0 | |a euro |
| 100 | 1 | |a Izáková, Katarína | |